000 00459nam a2200205Ia 4500
008 240510s9999 xx 000 0 und d
020 _a090543563X
041 _aEng
082 _a004.1
082 _bF62
100 _aFRENCH ,C.S.:
245 0 _aDATA PROCESSING
250 _a7th ed.
260 _bD P PUBLICATIONS LIMITED
260 _c1986
300 _a520 p.
650 _aCOMPUTER SCIENCE : DATA PROCESSING
942 _2ddc
942 _cLBK
999 _c28017
_d28017
945 _a1
_bMadushi Gamage
_c1
_dMadushi Gamage